[Event "Bialystok Spring qual"]
[Site "Bialystok"]
[Date "2014.??.??"]
[Round "5"]
[White "Jaszczuk, Hubert"]
[Black "Ocytko, Michal"]
[Result "1-0"]
[WhiteElo "1328"]
[BlackElo "1254"]
[PlyCount "92"]
[EventDate "2014.04.??"]
[EventType "swiss"]
[EventRounds "9"]
[EventCountry "POL"]
[SourceTitle "EXT 2016"]
[Source "ChessBase"]
[SourceDate "2015.10.08"]
[SourceVersion "1"]
[SourceVersionDate "2015.10.08"]
[SourceQuality "1"]

1. e4 g6 2. Nf3 Bg7 3. d4 e6 4. Nc3 c6 5. Bg5 Bf6 6. Bxf6 Nxf6 7. e5 Nd5 8. Nxd5 cxd5 9. Bd3 d6 10. 0-0 dxe5 11. Nxe5 0-0 12. Qd2 Qf6 13. c3 Nd7 14. Ng4 Qg7 15. Rfe1 h5 16. Ne5 Nxe5 17. Rxe5 b6 18. Rae1 Kh7 19. Rxh5+ Kg8 20. Rhe5 f6 21. R5e3 Bd7 22. Rg3 g5 23. h4 Kf7 24. hxg5 fxg5 25. Qxg5 Qxg5 26. Rxg5 Rg8 27. Rxg8 Rxg8 28. Re3 Ke7 29. Kh2 Kd6 30. Rg3 Rf8 31. f3 a5 32. Rg5 Rf6 33. Rg6 Rxg6 34. Bxg6 e5 35. Kg1 exd4 36. cxd4 Ke6 37. Kf2 Kf6 38. Bd3 Kg5 39. g3 b5 40. Kg2 b4 41. f4+ Kf6 42. Kf3 a4 43. g4 a3 44. bxa3 bxa3 45. Bc2 Bc6 46. Bb3 Bb7 1-0

[Event "Bialystok Elo op-A"]
[Site "Bialystok"]
[Date "2014.??.??"]
[Round "2"]
[White "Ocytko, Michal"]
[Black "Dolata, Marcin"]
[Result "0-1"]
[WhiteElo "1254"]
[BlackElo "1253"]
[PlyCount "47"]
[EventDate "2014.??.??"]
[EventType "swiss"]
[EventRounds "7"]
[EventCountry "POL"]
[SourceTitle "EXT 2016"]
[Source "ChessBase"]
[SourceDate "2015.10.08"]
[SourceVersion "1"]
[SourceVersionDate "2015.10.08"]
[SourceQuality "1"]

1. d4 Nf6 2. Nf3 e6 3. g3 b6 4. Bg2 Bb7 5. Nbd2 d6 6. 0-0 Nbd7 7. a4 Be7 8. c3 0-0 9. b4 d5 10. Re1 Ne8 11. Qc2 Nd6 12. Bb2 Bf6 13. e3 h6 14. Rac1 Rc8 15. Qd1 Be7 16. Rb1 Nf6 17. h4 Nfe4 18. Nxe4 Nxe4 19. Nd2 Nxd2 20. Qxd2 Rb8 21. Qe2 Bd6 22. Qf3 e5 23. dxe5 Bxe5 24. Rbd1 0-1

[Event "Bialystok Autumn op"]
[Site "Bialystok"]
[Date "2012.11.11"]
[Round "9.6"]
[White "Kondrusik, Aleksander"]
[Black "Ocytko, Michal"]
[Result "1-0"]
[WhiteElo "1574"]
[BlackElo "1307"]
[PlyCount "79"]
[EventDate "2012.11.02"]
[EventType "swiss"]
[EventRounds "9"]
[EventCountry "POL"]
[SourceTitle "EXT 2023"]
[Source "ChessBase"]
[SourceDate "2022.10.05"]
[SourceVersion "1"]
[SourceVersionDate "2022.10.05"]
[SourceQuality "1"]

1. e4 d5 2. exd5 Qxd5 3. Nc3 Qd8 4. d4 c6 5. Bc4 e6 6. Nf3 Nf6 7. 0-0 Be7 8. Qe2 0-0 9. Bg5 Nd5 10. Bxe7 Nxe7 11. Rad1 Nd5 12. Nxd5 cxd5 13. Bd3 Qf6 14. Ne5 g6 15. f4 Nd7 16. Rf3 a6 17. Rdf1 Nxe5 18. fxe5 Qg7 19. Rf6 b5 20. R1f3 Ra7 21. Rg3 Re7 22. h4 Qh6 23. h5 Qc1+ 24. Kh2 Qh6 25. Rh3 Qg7 26. Qe3 Bd7 27. Rg3 Kh8 28. Qf4 Kg8 29. Qh4 Bc6 30. h6 Qh8 31. Rgf3 Rd7 32. g4 Rb7 33. g5 Bd7 34. Qf2 b4 35. Bxa6 Ra7 36. Qf1 Ba4 37. Rf2 Rc7 38. b3 Be8 39. Qe1 Rc6 40. Bd3 1-0

[Event "Bialystok Autumn op"]
[Site "Bialystok"]
[Date "2012.11.10"]
[Round "8.5"]
[White "Ocytko, Michal"]
[Black "Widelski, Kacper"]
[Result "0-1"]
[WhiteElo "1307"]
[BlackElo "1544"]
[PlyCount "116"]
[EventDate "2012.11.02"]
[EventType "swiss"]
[EventRounds "9"]
[EventCountry "POL"]
[SourceTitle "EXT 2023"]
[Source "ChessBase"]
[SourceDate "2022.10.05"]
[SourceVersion "1"]
[SourceVersionDate "2022.10.05"]
[SourceQuality "1"]

1. d4 Nf6 2. g3 d5 3. Bg2 c6 4. Nf3 e6 5. Nbd2 Bd6 6. 0-0 0-0 7. b3 Nbd7 8. Bb2 Qc7 9. Re1 e5 10. dxe5 Nxe5 11. Nxe5 Bxe5 12. Bxe5 Qxe5 13. Nf3 Qc7 14. Qc1 Re8 15. c4 dxc4 16. Qxc4 Be6 17. Qc1 Bg4 18. e3 Rad8 19. Qc2 Qa5 20. a3 Bf5 21. Qb2 Be4 22. b4 Qd5 23. Nh4 Bxg2 24. Nxg2 Qd2 25. Qxd2 Rxd2 26. Red1 Red8 27. Rxd2 Rxd2 28. f3 Kf8 29. e4 Ke7 30. Nf4 Nd7 31. h4 Ne5 32. Kf1 Rh2 33. Rd1 Rh1+ 34. Ke2 Rxd1 35. Kxd1 Nxf3 36. Ke2 Nd4+ 37. Kd3 Ne6 38. Ne2 f6 39. Nd4 Nxd4 40. Kxd4 Kd6 41. g4 h6 42. h5 b5 43. Ke3 Ke5 44. Kf3 Kd4 45. Kf4 c5 46. bxc5 Kxc5 47. Kf5 a5 48. Kg6 b4 49. Kxg7 bxa3 50. Kxh6 a2 51. Kg6 a1Q 52. h6 Qh1 53. h7 Qxe4+ 54. Kf7 Qxh7+ 55. Kxf6 a4 56. g5 a3 57. g6 Qxg6+ 58. Kxg6 a2 0-1

[Event "Bialystok Autumn op"]
[Site "Bialystok"]
[Date "2012.11.03"]
[Round "3.5"]
[White "Ptak, Krzysztof"]
[Black "Ocytko, Michal"]
[Result "1-0"]
[WhiteElo "1560"]
[BlackElo "1307"]
[PlyCount "153"]
[EventDate "2012.11.02"]
[EventType "swiss"]
[EventRounds "9"]
[EventCountry "POL"]
[SourceTitle "EXT 2023"]
[Source "ChessBase"]
[SourceDate "2022.10.05"]
[SourceVersion "1"]
[SourceVersionDate "2022.10.05"]
[SourceQuality "1"]

1. d4 d5 2. c4 Nf6 3. Nc3 c6 4. Bg5 g6 5. Bxf6 exf6 6. cxd5 cxd5 7. Qb3 Nc6 8. Qxd5 Bg7 9. Qxd8+ Nxd8 10. e4 0-0 11. Nf3 Bd7 12. Bb5 Bxb5 13. Nxb5 Nc6 14. 0-0 a6 15. Nc3 Rad8 16. Rad1 Rd7 17. Rfe1 Rfd8 18. d5 Ne5 19. Nd4 Bf8 20. f4 Nc4 21. b3 Nb6 22. Rd3 Rc8 23. Red1 Bc5 24. Nce2 Re7 25. Ng3 h5 26. h4 Rec7 27. Kf1 Bxd4 28. Rxd4 Rc2 29. R1d2 Rxd2 30. Rxd2 Nd7 31. Ke2 Kf8 32. Nf1 Ke7 33. Ne3 b5 34. Nc2 Rc3 35. Nd4 Nc5 36. Nc6+ Kd6 37. e5+ fxe5 38. fxe5+ Kd7 39. b4 Ne4 40. Rd3 Rc2+ 41. Ke3 Nf2 42. Rd2 Ng4+ 43. Ke2 Rxc6 44. dxc6+ Kxc6 45. Rd6+ Kc7 46. Rxa6 Nxe5 47. a4 bxa4 48. Rxa4 Nc6 49. b5 Nd8 50. Ra8 Nb7 51. Ra7 Kb6 52. Rxb7+ Kxb7 53. Ke3 Kb6 54. Kf4 Kxb5 55. Kg5 Kc5 56. Kf6 Kd6 57. Kxf7 Ke5 58. Kxg6 Ke6 59. Kxh5 Kf6 60. g4 Kg7 61. Kg5 Kh7 62. Kf6 Kh6 63. g5+ Kh5 64. g6 Kxh4 65. g7 Kg4 66. g8Q+ Kf4 67. Qg5+ Ke4 68. Qe5+ Kd3 69. Qf4 Kc3 70. Ke5 Kd3 71. Qd4+ Kc2 72. Qe3 Kb2 73. Kd4 Kc2 74. Qc3+ Kd1 75. Qb2 Ke1 76. Ke3 Kd1 77. Qd2# 1-0

[Event "Bialystok qual-B"]
[Site "Bialystok"]
[Date "2011.05.??"]
[Round "8"]
[White "Burakowska, Gabriela"]
[Black "Ocytko, Michal"]
[Result "1-0"]
[WhiteElo "1560"]
[BlackElo "1337"]
[PlyCount "87"]
[EventDate "2011.05.??"]
[EventType "swiss"]
[EventRounds "9"]
[EventCountry "POL"]
[SourceTitle "EXT 2014"]
[Source "ChessBase"]
[SourceDate "2013.11.20"]
[SourceVersion "1"]
[SourceVersionDate "2013.11.20"]
[SourceQuality "1"]

1. d4 Nf6 2. Nf3 d5 3. Bf4 c6 4. e3 g6 5. Bd3 Bg7 6. Nbd2 Bg4 7. h3 Bxf3 8. Nxf3 Nbd7 9. 0-0 0-0 10. c4 Nb6 11. Nd2 dxc4 12. Nxc4 Nxc4 13. Bxc4 Nd5 14. Bg3 Nb6 15. Be2 e6 16. Bf3 Nd5 17. a3 a5 18. Qc2 Rc8 19. Rac1 Bf6 20. Qe2 Re8 21. Rfd1 e5 22. Bxd5 Qxd5 23. dxe5 Qe6 24. exf6 Qxf6 25. Rd6 Qe7 26. Rcd1 Rcd8 27. Rxd8 Rxd8 28. Rxd8+ Qxd8 29. Be5 f6 30. Bc3 b6 31. Qf3 Kf7 32. Qxc6 Qd1+ 33. Kh2 Qd8 34. Qc4+ Kg7 35. Qd4 Qxd4 36. Bxd4 b5 37. Kg3 a4 38. Kf4 Kf7 39. Ke4 Ke8 40. Bc3 h5 41. g4 hxg4 42. hxg4 f5+ 43. gxf5 gxf5+ 44. Kxf5 1-0

[Event "Bialystok Zamenhof Memorial-B"]
[Site "Bialystok"]
[Date "2010.12.??"]
[Round "3"]
[White "Ocytko, Michal"]
[Black "Daciuk, Jaroslaw"]
[Result "0-1"]
[WhiteElo "1384"]
[BlackElo "1554"]
[PlyCount "37"]
[EventDate "2010.12.27"]
[EventType "swiss"]
[EventRounds "9"]
[EventCountry "POL"]
[SourceTitle "EXT 2014"]
[Source "ChessBase"]
[SourceDate "2013.11.20"]
[SourceVersion "1"]
[SourceVersionDate "2013.11.20"]
[SourceQuality "1"]

1. d4 d5 2. Nf3 Nf6 3. b3 e6 4. Bb2 Nbd7 5. g3 Be7 6. Bg2 0-0 7. 0-0 b6 8. Nbd2 Bb7 9. Re1 c5 10. e3 Rc8 11. a4 c4 12. c3 cxb3 13. Qxb3 a6 14. Rec1 Ne8 15. Ba3 Bxa3 16. Qxa3 Nb8 17. Rab1 Nd7 18. Bf1 f6 19. Qb3 0-1

[Event "Bialystok Zamenhof Memorial-B"]
[Site "Bialystok"]
[Date "2010.12.??"]
[Round "1"]
[White "Ocytko, Michal"]
[Black "Kopaczewski, Zbigniew"]
[Result "0-1"]
[WhiteElo "1384"]
[BlackElo "1715"]
[PlyCount "110"]
[EventDate "2010.12.27"]
[EventType "swiss"]
[EventRounds "9"]
[EventCountry "POL"]
[SourceTitle "EXT 2014"]
[Source "ChessBase"]
[SourceDate "2013.11.20"]
[SourceVersion "1"]
[SourceVersionDate "2013.11.20"]
[SourceQuality "1"]

1. d4 e6 2. Nf3 c5 3. c3 Qb6 4. e3 Nf6 5. Be2 d5 6. 0-0 Nc6 7. Nbd2 Bd6 8. g3 Bd7 9. Qb3 Qc7 10. a4 a6 11. dxc5 Bxc5 12. Nd4 Na5 13. Qd1 Ba7 14. b4 Qxc3 15. Rb1 Bxd4 16. exd4 Nc6 17. b5 Nxd4 18. Bb2 Nxe2+ 19. Qxe2 Qa5 20. Bxf6 gxf6 21. bxa6 Qxa6 22. Qxa6 bxa6 23. a5 Bb5 24. Rfc1 Kd7 25. f4 Rhc8 26. Kf2 Rxc1 27. Rxc1 Rc8 28. Rxc8 Kxc8 29. Ke3 Kc7 30. Kd4 Kd6 31. Nf3 Be2 32. Nd2 Bd1 33. Nf1 e5+ 34. fxe5+ fxe5+ 35. Kc3 Kc5 36. Kd2 Bf3 37. Kc3 f5 38. Nd2 Bd1 39. Nb1 e4 40. Kd2 Bb3 41. Kc3 Ba4 42. Nd2 d4+ 43. Kb2 Kb5 44. g4 fxg4 45. Nxe4 Kc4 46. Kc1 h6 47. Kd2 Bc6 48. Nf6 Bf3 49. Ng8 h5 50. Nf6 h4 51. Nd7 Kd5 52. Nb8 g3 53. hxg3 h3 54. Nxa6 h2 55. Nb4+ Kd6 0-1

[Event "Bialystok Zamenhof Memorial-B"]
[Site "Bialystok"]
[Date "2010.12.??"]
[Round "2"]
[White "Pilimon, Zbigniew"]
[Black "Ocytko, Michal"]
[Result "1-0"]
[WhiteElo "1745"]
[BlackElo "1384"]
[PlyCount "87"]
[EventDate "2010.12.27"]
[EventType "swiss"]
[EventRounds "9"]
[EventCountry "POL"]
[SourceTitle "EXT 2014"]
[Source "ChessBase"]
[SourceDate "2013.11.20"]
[SourceVersion "1"]
[SourceVersionDate "2013.11.20"]
[SourceQuality "1"]

1. d4 d5 2. c4 c6 3. Nc3 e6 4. Nf3 Nf6 5. e3 Bb4 6. Bd2 a5 7. Bd3 g6 8. 0-0 0-0 9. Qc2 Bxc3 10. Bxc3 dxc4 11. Bxc4 Nd5 12. Bd2 b5 13. Be2 Bb7 14. e4 Nb6 15. b3 N8d7 16. Bh6 Re8 17. Rac1 Rc8 18. Qd2 Nf6 19. Qf4 Nh5 20. Qe3 f5 21. Bg5 Qc7 22. Bxb5 Qg7 23. Bd3 Nd7 24. Rfe1 c5 25. exf5 exf5 26. Qxe8+ Rxe8 27. Rxe8+ Kf7 28. Re7+ Kf8 29. Rxg7 Kxg7 30. dxc5 Bxf3 31. gxf3 Ne5 32. Be2 h6 33. Bd8 Nf4 34. Kf1 Nc6 35. Bc7 Nxe2 36. Kxe2 Kf6 37. Kd3 Ke6 38. Kc4 Ne5+ 39. Bxe5 Kxe5 40. Re1+ Kf4 41. Re3 h5 42. c6 g5 43. c7 g4 44. c8Q 1-0

[Event "Bialystok Spring op-B"]
[Site "Bialystok"]
[Date "2010.05.02"]
[Round "3"]
[White "Grabarczyk, Edmund"]
[Black "Ocytko, Michal"]
[Result "1-0"]
[WhiteElo "1603"]
[BlackElo "1410"]
[PlyCount "89"]
[EventDate "2010.05.01"]
[EventType "swiss"]
[EventRounds "9"]
[EventCountry "POL"]
[SourceTitle "EXT 2012"]
[Source "ChessBase"]
[SourceDate "2011.11.24"]
[SourceVersion "1"]
[SourceVersionDate "2011.11.24"]
[SourceQuality "1"]

1. d4 d5 2. c4 c6 3. Nf3 Nf6 4. Nc3 a6 5. Ne5 Be6 6. c5 Nbd7 7. Qb3 Qc8 8. h3 Nxe5 9. dxe5 Nd7 10. Na4 g6 11. Bf4 Bg7 12. Qc3 Rb8 13. Bg3 b5 14. cxb6 Nxb6 15. Nc5 0-0 16. f4 Nd7 17. Bh4 Re8 18. Nxe6 fxe6 19. e3 Qb7 20. b3 Qb6 21. Be2 a5 22. Bg4 Nf8 23. 0-0 c5 24. Rac1 Rbc8 25. Qd2 Qb4 26. Qe2 a4 27. Be1 Qa3 28. Rb1 axb3 29. Rxb3 Qa7 30. Bf2 Qd7 31. Rfb1 Rc7 32. Qb2 c4 33. Rb8 Rxb8 34. Qxb8 Rc8 35. Qb7 Kf7 36. Qa6 c3 37. Rc1 Qc6 38. Qxc6 Rxc6 39. Rc2 Nd7 40. Be1 g5 41. Rxc3 Rxc3 42. Bxc3 gxf4 43. exf4 Nc5 44. Bd2 Ne4 45. Be1 1-0